Score 0/26 Timer 02:00
2 Plays Today
Picture Missing Word % Correct
Around the ___ in 80 DaysWorld
97.3%
Forrest ___Gump
96.4%
The ___ of the LambsSilence
95%
___ Side StoryWest
94.8%
My ___ LadyFair
92.6%
___ with the WindGone
91.6%
___ Miss DaisyDriving
83.5%
All the ___'s MenKing
83%
A ___ MindBeautiful
81%
The King's ___Speech
79%
___ MillionaireSlumdog
77.7%
___ BeautyAmerican
71.4%
The ___ PatientEnglish
65.4%
Picture Missing Word % Correct
An American in ___Paris
64.2%
Going My ___Way
63.4%
It ___ One NightHappened
62.7%
The ___ on the River KwaiBridge
61.2%
The Greatest ___ on EarthShow
54.4%
The ___ HunterDeer
53.3%
A Man for All ___Seasons
49.3%
All About ___Eve
46.8%
The Best ___ of Our LivesYears
38.1%
The ___ ZiegfeldGreat
26.6%
___ MiniverMrs.
23.6%
Gentleman's ___Agreement
21.9%
Tom ___Jones
17.1%

Today's Daily Dose

Remove Ads.
Support Sporcle.
Get the best of Sporcle when you Go Orange. This ad-free experience offers more features, more stats, and more fun while also helping to support Sporcle. Thank you for becoming a member.

You're not logged in!

Compare scores with friends on all Sporcle quizzes.
OR
Log In

Show Comments

Extras

Top Quizzes Today


Score Distribution

Your Account Isn't Verified!

In order to create a playlist on Sporcle, you need to verify the email address you used during registration. Go to your Sporcle Settings to finish the process.

Report this User

Report this user for behavior that violates our Community Guidelines.

Details: